=LDR 00000nam 2200000 4500 =001 INLIS000000000015077 =005 20130612110347 =008 ***********************************Ind** =035 ##$$0010-061300000015077 =041 ##$$a Ind =082 ##$$a 636-087-6 =090 ##$$a 636.087, IDI-b =100 ##$$a Idil, Antoni =245 ##$$a Budidaya Tambak Bandeng Modern, Antoni Idil, Setyo Wibowo =260 ##$$a 1996 $b Surabaya =300 ##$$a 160 hlm, Ilus, 21 cm =650 ##$$a Bambang, Budidaya =850 ##$$a NBPNMAT